000 01183nam a2200217 a 4500
008 080925s1994 ||||||||||||||||| || u
020 _a8170332046
050 _aHD 4465.15 Urb
245 0 0 _aUrban water supply
_cN. L. Gupta
260 _aNew Delhi
_bRewat Publications
_c1994
300 _ax, 332p.: ills.
350 _a55000.00
650 _aWATER SUPPLY -- INDIA
650 _aWATER SUPPLY -- URBAN
650 _aMUNICIPAL WATER SUPPLY -- INDIA
650 _aWATER
995 _aANNEX COLLECTION (Main Library)
_D0.00
_e738706
_FCBU-MAIN LIBRARY (Kitwe)
_H1
_I0.00
_jHD 4465.15 URB
_M3
_UAVAILABLE
_WSep 25, 2008
_y738706
_ZAnnex Low-Usage Collection
995 _aMAIN LIBRARY OPEN ACCESS
_D0.00
_e738705
_FCBU-MAIN LIBRARY (Kitwe)
_H1
_I0.00
_jHD 4465.15 URB
_M2
_UAVAILABLE
_WSep 25, 2008
_y738705
_ZMain Library Open Access Collection
995 _aMAIN LIBRARY OPEN ACCESS
_D0.00
_e738707
_FCBU-MAIN LIBRARY (Kitwe)
_H1
_I0.00
_jHD 4465.15 URB
_M4
_UAVAILABLE
_WSep 25, 2008
_y738707
_ZMain Library Open Access Collection
995 _aANNEX COLLECTION (Main Library)
_D0.00
_e738704
_FCBU-MAIN LIBRARY (Kitwe)
_H1
_I0.00
_jHD 4465.15 URB
_M1
_UAVAILABLE
_WSep 25, 2008
_y738704
_ZAnnex Low-Usage Collection
999 _c78586
_d78586